Responses for show #3472 - Tuesday, October 12, 1999

Contestants

[<< previous game]

Mike Garrido, an electronic commerce consultant originally from Boston, Massachusetts

Robin Jacobsen, a teacher of global studies from Farmingdale, New York

Becky Bowles, a veterinary receptionist originally from Louisville, Kentucky (whose 1-day cash winnings total $10,200)

[next game >>]

Jeopardy! Round responses

A LITTLE DICKENS
1999 COMMENCEMENT SPEAKERS
SHAKE YOUR DJIBOUTI
FILE UNDER "C"
BUTTERFLY POTPOURRI
BEATLES LYRICS
(Alex: You have to give the song title.)
    $100 1
A Christmas Carol

Becky
    $100 15
George H.W. Bush

Robin
    $100 6
(Becky: What is Buddhism?)

Islam

BeckyMike
    $100 10
Cadillac

Becky
    $100 5
Bandages

Mike
    $100 4
(Robin: What is "Get Back"?)

"Come Together"

BeckyRobin
    $200 2
Oliver Twist

Becky
    $200 16
Bill Cosby

Mike
    $200 7
Addis Ababa

Mike
    $200 11
Calendar

Becky
    $200 20
Monarch butterflies

Mike
    $200 13
(Becky: What is "Abbey Road"?)
...
(Alex: Probably help if I sing the lyrics!)

"The Long And Winding Road"

Becky
Triple Stumper
    $300 3
Great Expectations

Robin
    $300 17
Norman Schwarzkopf

Robin
    $300 8
Franc

Triple Stumper
    $300 12
Cauldron

Robin
    $300 27
(Alex: How do you know this?)
[The end-of-round signal sounds.]

Drew Barrymore

Mike
    $300 14
(Alex: Break time and I'll go practice my singing!)

"Do You Want To Know A Secret"

Triple Stumper
    $400 18
David Copperfield

Becky
    $400 25
(Robin: Who is George Lucas?)

James Earl Jones

Robin
    $400 9
Frankincense & myrrh

Becky
    $400 23
(Alex: Less than a minute to go.)

cacciatore

Robin
    $400 22
(Alex: Well, we got 2 out of 5 in the category.)

"All My Loving"

Robin
    $500 19
(Robin: What is Nicholas Nickleby?)

The Mystery of Edwin Drood

Robin
Triple Stumper
    $500 26
David Bowie

Robin
    $500 24
(Becky: What is Cherokee?)

Comanche

Becky
Triple Stumper
    $500 21
(Mike: What is "Love Me Do"?)

"All You Need is Love"

Mike
Triple Stumper

Scores at the first commercial break (after clue 14):

Becky Robin Mike
$800 $500 $400

Scores at the end of the Jeopardy! Round:

Becky Robin Mike
$700 $1,300 $600

Double Jeopardy! Round responses

LAWRENCE OF ARABIA
5 MOVIES
McPEOPLE
NATO
INTERNATIONAL ARCHITECTURE
FRUIT IN LATIN
    $200 11
Crusaders

Triple Stumper
    $200 5
9 To 5

Becky
    $200 16
Mark McGwire

Robin
    $200 21
(Robin: Who is LBJ?)
(Becky: Who is Mitterrand?)

Charles de Gaulle

BeckyRobin
Triple Stumper
    $200 28
[The end-of-round signal sounds.]

London

Triple Stumper
    $200 6
Cherry

Becky
    $400 12
Paris

Triple Stumper
    $400 4
Five Easy Pieces

Robin
    $400 17
Senator Joseph McCarthy

Triple Stumper
    $400 25
Nuclear missiles

Triple Stumper
    $400 7
Date

Becky
    $600 13
(Mike: What is a tank?)

motorcycles

Mike
Triple Stumper
    $600 3
Slaughterhouse Five

Triple Stumper
    $600 18
Rue McClanahan

Becky
    $600 27
North Atlantic Treaty

Becky
    $600 8
(Becky: What is a coconut?)

olive

Becky
Triple Stumper
    $300 14
(George Bernard) Shaw

Becky
    $800 2
The Five and Dime

Robin
    $800 19
George McClellan

Becky
    $800 26
Warsaw

Robin
    $800 23
(Alex: About a minute to go.)

Gothic

Triple Stumper
    $800 9
Apple ("Apple of your eye")

Triple Stumper
    $1000 15
Seven Pillars of Wisdom

Triple Stumper
    $1000 1
The Five Pennies

Triple Stumper
    $1000 20
James McGill

Mike
    $1,000 24
(Mike: Who is George Bush?)

General Alexander Haig

Mike
    $1000 22
Antonio Gaudi

Triple Stumper
    $1000 10
a pomegranate

Triple Stumper

Scores at the end of the Double Jeopardy! Round:

Becky Robin Mike
$3,000 $3,300 $0

[wagering suggestions for these scores]

Final Jeopardy! Round responses

MODERN SCIENCE
BeckyWhat is cloning?
$2,000
RobinWhat is cloning?
$3,000
Cloning

Final scores:

Becky Robin Mike
$5,000 $6,300 $0
2nd place: a trip to Doubletree Guest Suites, Orlando, Florida New champion: $6,300 3rd place: Kathy Ireland Exercise Products

Game dynamics:

Coryat scores:

Becky Robin Mike
$3,500 $3,700 $1,000
14 R
(including 1 DD),
5 W
11 R,
4 W
(including 1 DD)
7 R,
3 W
(including 1 DD)

Combined Coryat: $8,200

The J! Archive is created by fans, for fans. Scraping, republication, monetization, and malicious use prohibited; this site may use cookies and collect identifying information. See terms. The Jeopardy! game show and all elements thereof, including but not limited to copyright and trademark thereto, are the property of Jeopardy Productions, Inc. and are protected under law. This website is not affiliated with, sponsored by, or operated by Jeopardy Productions, Inc. Join the discussion at JBoard.tv.